000 00467nam a2200169Ia 4500
999 _c25387
_d25387
003 OSt
005 20210101152332.0
008 190216s9999||||xx |||||||||||||| ||und||
040 _coclc
082 _a894.812102
_bDAN/D
100 _aDante
_97759
245 0 _aDivine Comedy /
_cDante
260 _bNational Books Stall,
_aKottayam:
_c1979.
300 _a259p
650 _aSahithyam
942 _cBK
_2ddc
_h894.812102
_iDAN/D
_k894.812102
_mDAN/D